000
00269 a2200121 4500
001
63617
082
_a
023 SHA
090
_c
37616
_d
37616
100
_a
Altaf Shoukat
245
_a
Nizam Kutab Khana
260
_a
Lahore
_b
Al-Faisal Publisher
_c
2003
300
_a
420+112
942
_a
NUST-CAE
_k
023 SHA
999
_c
298690
_d
298690